|
|
|
|
| LEADER |
00896nam a2200265 a 4500 |
| 001 |
AAL 1564 |
| 003 |
BD-DhAAL |
| 005 |
20160209171048.0 |
| 008 |
150204s1995 nyu b 001 0 eng |
| 010 |
|
|
|a 94020363
|
| 020 |
|
|
|a 0065014847
|
| 040 |
|
|
|a DLC
|c DLC
|d DLC
|d BD-DhAAL
|
| 050 |
0 |
0 |
|a BP60
|b .H87 1995
|
| 082 |
0 |
0 |
|a 322/.1/0917671
|2 20
|
| 999 |
|
|
|c 33568
|d 33568
|
| 999 |
|
|
|c 33568
|
| 100 |
1 |
|
|a Husain, Mir Zohair.
|9 7879
|
| 245 |
1 |
0 |
|a Global Islamic politics /
|c Mir Zohair Husain.
|
| 260 |
|
|
|a New York :
|b HarperCollins College Publishers,
|c c1995.
|
| 300 |
|
|
|a xiii, 330 p. ;
|c 24 cm.
|
| 504 |
|
|
|a Includes bibliographical references (p. 301-319) and index.
|
| 541 |
|
|
|e 1564
|
| 650 |
|
0 |
|a Islam
|y 20th century.
|9 7880
|
| 942 |
|
|
|2 ddc
|c BK
|
| 952 |
|
|
|0 0
|1 0
|2 ddc
|4 0
|6 322_109176710000000_HUS
|7 0
|9 52440
|a SCL
|b SCL
|c GEN
|d 2015-02-04
|l 0
|o 322.10917671 HUS
|p 3020001564
|r 2015-02-04
|t 1
|w 2015-02-04
|y BK
|